00324nam a2200121Ia 4500008004100000041000800041082001400049100001300063245004200076250001400118260003800132300003200170240624s9999 xx 000 0 und d aeng a519.5 AND aANDERSON aSTATISTICS FOR BUSINESS AND ECONOMICS a(9th ed.) c2007aNew DelhibCengage Learning axxv, , 1021 , 27 : p. : cm.